00243nam a22000977a 4500003000500000005001700005008004100022040000900063082001400072245005900086ASAB20170220155432.0170220b xxu||||| |||| 00| 0 eng d cASAB a660.6 SHU aRecent techniques in Genetic Engineering cR.N. Shukla